00421nam a2200157Ia 4500001000500000005001700005008004100022041000800063082001500071100003700086245008700123260000900210300002800219650000800247654000800255730420260306160445.0260306t2016||||xx |||||||||||||| ||spa|| aESP a338.5bL27 aLa Serna Studzinski, KarloseAUT 0aEjercicios de microeconomía:bun enfoque didáctico para un curso introductorio c2016 a486 páginas :c22 cm. aGEN aCAN